[Event "Kostroma Volga Cup op"]
[Site "Kostroma"]
[Date "2010.07.??"]
[Round "5"]
[White "Myshkin, Nikita"]
[Black "Mishin, Alexei"]
[Result "1-0"]
[WhiteElo "2083"]
[BlackElo "2283"]
[PlyCount "89"]
[EventDate "2010.07.??"]
[EventType "swiss"]
[EventRounds "9"]
[EventCountry "RUS"]
[SourceTitle "EXT 2011"]
[Source "ChessBase"]
[SourceDate "2010.11.26"]
[SourceVersion "1"]
[SourceVersionDate "2010.11.26"]
[SourceQuality "1"]

1. d4 Nf6 2. Nf3 c5 3. d5 b5 4. a4 Bb7 5. c4 bxc4 6. Nc3 e6 7. e4 Qa5 8. Bd2 Qb6 9. a5 Qb3 10. Qxb3 cxb3 11. a6 Bc8 12. Nb5 Nxa6 13. Rxa6 Bxa6 14. Nc7+ Kd8 15. Nxa6 Nxe4 16. Bc4 Bd6 17. 0-0 Ke7 18. Re1 Nf6 19. Bc3 Rac8 20. Nd2 Rhe8 21. Nxb3 Kf8 22. dxe6 fxe6 23. Rd1 Ke7 24. Bxf6+ gxf6 25. Bb5 Rg8 26. Na5 Rg5 27. Nc4 Rd5 28. Re1 Be5 29. g3 Bd4 30. Kg2 Rf5 31. Re2 d5 32. Na5 e5 33. Nc6+ Kd6 34. Nxa7 Ra8 35. Nc6 c4 36. b3 Bc5 37. Na5 Ra7 38. bxc4 d4 39. Nb3 d3 40. Rd2 e4 41. f3 exf3+ 42. Kf1 Ba3 43. Rxd3+ Ke7 44. Nd4 Rh5 45. Rxa3 1-0

[Event "Vladimir CC Luch-ch"]
[Site "Vladimir"]
[Date "2010.04.02"]
[Round "8"]
[White "Vysotsky, Alexander"]
[Black "Mishin, Alexei"]
[Result "1-0"]
[WhiteElo "2037"]
[BlackElo "2294"]
[PlyCount "49"]
[EventDate "2010.03.25"]
[EventType "tourn"]
[EventRounds "11"]
[EventCountry "RUS"]
[SourceTitle "EXT 2023"]
[Source "ChessBase"]
[SourceDate "2022.10.05"]
[SourceVersion "1"]
[SourceVersionDate "2022.10.05"]
[SourceQuality "1"]

1. e4 e5 2. Nc3 Nf6 3. f4 d5 4. fxe5 Nxe4 5. Nf3 Bb4 6. Bd3 Bf5 7. Qe2 Bxc3 8. dxc3 0-0 9. Bf4 Nd7 10. 0-0-0 Ndc5 11. h3 Qd7 12. g4 Bg6 13. Nh4 Qa4 14. Kb1 Nxc3+ 15. bxc3 Bxd3 16. cxd3 Qxf4 17. Rhf1 Qa4 18. Nf5 Rae8 19. Qe3 Qb5+ 20. Ka1 Re6 21. Qg5 g6 22. Nh6+ Kg7 23. Nf5+ Kh8 24. Qh6 Rg8 25. Nd6 1-0

[Event "Vladimir CC Luch-ch"]
[Site "Vladimir"]
[Date "2010.03.27"]
[Round "3"]
[White "Pyshkina, Elizaveta"]
[Black "Mishin, Alexei"]
[Result "0-1"]
[WhiteElo "1631"]
[BlackElo "2294"]
[PlyCount "60"]
[EventDate "2010.03.25"]
[EventType "tourn"]
[EventRounds "11"]
[EventCountry "RUS"]
[SourceTitle "EXT 2023"]
[Source "ChessBase"]
[SourceDate "2022.10.05"]
[SourceVersion "1"]
[SourceVersionDate "2022.10.05"]
[SourceQuality "1"]

1. e4 g6 2. d4 Bg7 3. Nf3 d6 4. Be2 e5 5. c3 Nc6 6. d5 Nce7 7. 0-0 f5 8. Nbd2 Nf6 9. exf5 gxf5 10. c4 0-0 11. Re1 b5 12. Nf1 Bb7 13. Ng5 Qd7 14. Ne6 Rf7 15. Ne3 Bh6 16. b3 bxc4 17. bxc4 c6 18. Bh5 cxd5 19. Bxf7+ Kxf7 20. cxd5 Rg8 21. Ba3 Bxe3 22. Rxe3 Nexd5 23. Rg3 Rxg3 24. hxg3 Kxe6 25. Qb3 Ne4 26. Qf3 Qa4 27. Bc1 Ndf6 28. Rb1 Nd2 29. Qxb7 Qd1+ 30. Kh2 Ng4+ 0-1